Jak dobrze znasz hymn UE? - Statystyki

Ogólne statystyki
  • Ten quiz został rozwiązany 40 razy
  • Średni wynik to 7 z 9
Statystyki odpowiedzi
Tekst Odpowiedź % Poprawnych
O, radości, iskro bogów,kwiecie .... Pól, Elizejskich
97%
Jasność twoja wszystko zaćmi,......, co rozdzielił los. złączy
97%
Wstańcie ludzie, wstańcie wszędzie,ja ..... niosę wam. nowinę
94%
Jak zwycięzca i ..... biegnij,bracie tak i ty. bohater
77%
Z niej najlichszy .... czerpie,w niej największy nieba krąg robak
77%
Na gwiaździstym firmamenciebliska .... błyszczy nam. radość
65%
Dziś wchodzimy, wstępujemyna radości .... ślad. złoty
61%
Radość tryska z .... Ziemi,radość pije cały świat piersi
58%
Ona w sercu, w ...., w śpiewie,ona w splocie ludzkich rąk. zbożu
48%
Nie znaleziono quizów pasujących do podanych kryteriów
Rozkład punktacji
Procent ludzi z każdym wynikiem
Percentyl według liczby udzielonych odpowiedzi
Twoja historia wyników
Nie rozwiązałeś tego quizu